000 01424nam0a2200265 4500
001 RU\NLR\BIBL_A\011529068
005 20250626084439.0
035 _a(NLR Aleph) 011529068
090 _a12136213
_c12136213
100 _a20171117d1935 |||y0rusy50 ca
101 0 _ache
_arus
102 _aRU
105 _ay z 000 y
200 1 _aКолхозхойн-хIайттархойн Ерригсоизан шолгIачу съездан жамIаш
_eВКП(б)-н ЦК-н юьртан бахаман отделан заведушчес Мскохан, Ленинградан партаактивиашкехь йина доклад
_fЯ. А. Яковлев
210 _aСоьлж-ГIала
_cНохчгIалгIкъамзорб
_d1935
215 _a99,[1] с.
_d18
300 _aЛатин. графика
300 _aТекст на чеч., рус. яз.
541 1 _aИтоги второго Всесоюзного съезда колхоников-ударников
_eдоклад зав. сельхозотделом ЦК ВКП(б) на московском и ленинградском партийных активах
_zrus
686 1 _aФ61(2)432
700 1 _4070
_aЯковлев
_bЯ. А.
_cгос. и полит. деятель
_f1896-1938
_gЯков Аркадьевич
_9188622
_3RU\NLR\AUTH\770188673
852 _aNLR
_bОНЛ
_jЧеч./2-439
942 _cBOOK
980 _aNB